000 02370nam a22002657a 4500
005 20140903174915.0
008 130723s1873 fr ||||fr|||| 00| 0 fre d
040 _cSandra Yazo
_dSandra Yazo
041 0 _afre
082 0 4 _220
_a330.1
092 _aE28N017
100 1 _aGarnier, Joseph,
_d1813-1881
_941239
242 0 0 _aTratado de economía política, social o industrial
_bExposición didáctica de los principios y de las aplicaciones de esta ciencia ... Utilizado en muchas escuelas superiores o universidades
_cpor José Garnier
_yspa
245 1 0 _aTraité d’ économie politique sociale ou industrielle
_bExposé didactique des principes et des applications de cette science ... Adopté dans plusieurs écoles ou universités ...
_cpar M. Jospeh Garnier
260 _aParís
_bGarnier Fréres [Hermanos Garnier].
_c1873
300 _axvi, 784 p.
_c18 x 11 cm
500 _aDetalles físicos: Encuadernación rígida (holandesa), en cartón duro forrado en tela texturizada. Tapas y lomo con adornos repujados y en dorado. Lomo con nervaduras sobre costura. Guardas en papel de agua fino. Hoja de cortesía. Anteportada. Portada sencilla. Texto bien impreso, sobre papel de buena calidad, manchado. Notas de pie de página. En la portada varias sellos de tinta: “Doctor Alejandro Motta. Abogado. Calle 19 n° 68”.
505 _aParte primera: Nociones preliminares. ; Nomenclatura y divisiones -- Parte segunda: La producción de la riqueza. ; Análisis de la producción. ; Papel de los tres medios de producción. ; Condiciones necesarias y favorables para el desarrollo de la producción. ; Diferentes clases de producción y diferentes ramas de la industria -- Parte tercera: Circulación de la riqueza: cambio, crédito, desembolso. ; Valores y precios. ; La moneda. ; Metales preciosos y signos que los representan. ; El crédito. ; Los bancos y otras instituciones crediticias. ; La circulación. ; Teoría del cambio. ; Libertad de cambio. ; Sistemas mercantiles y sistemas protectores -- Parte cuarta: Repartición y distribución de la riqueza -- Parte quinta: Consumación y agotamiento de las riquezas.
506 _aConsulta en sala
546 _aTexto en latín
650 7 _923818
_aRiqueza
650 7 _938989
_aEconomía política
_xLibros de texto
690 _aEconomía
942 _cLIBRO
_e1
_2DEWEY
_h330.1
999 _c171800
_d171800